Sanat - "Nyt kerron mä sulle lapseni" - Statistics

Yleistilastot
  • Tätä visaa on pelattu 34 kertaa
  • Keskiarvotulos 71 / 101
Vastaustilastot
Vastaus % Oikein
enkeli
100%
kaunis
100%
kerron
100%
lapseni
100%
100%
miten
100%
Nyt
100%
on
100%
sulle
100%
taivahan
100%
kun
78%
Kun
78%
ain
67%
äiti
67%
enkeliparvet
67%
hohtavan
67%
hoitaapi
67%
ja
67%
kouluun
67%
kuljet
67%
lapsella
67%
lapsosta
67%
niin
67%
ovat
67%
67%
sairaana
67%
se
67%
seuraapi
67%
siipensä
67%
sitä
67%
sua
67%
vain
67%
valkoiset
67%
valveilla
67%
vartenpa
67%
hän
56%
Jos
56%
kultaiset
56%
kutrinsa
56%
mitä
56%
toimivi
56%
vierellä
56%
aina
44%
enkelin
44%
harvinaista
44%
hentoinen
44%
käy
44%
kerran
44%
kuitenkin
44%
nähdä
44%
pieni
44%
silmäsi
44%
täällä
44%
tahtoisit
44%
vaan
44%
välkkyvän
44%
vierelläs
44%
vuoteesi
44%
varjellen
33%
sammuvi
22%
välkkyvi
22%
Ehtoja vastaavia visoja ei löytynyt
Tulosjakauma
Jokaisen tuloksen saaneiden osuus
Persentiili vastausten määrän mukaan
Tuloshistoriasi
Et ole pelannut tätä visaa